Guía Ilustrada para interpretar la Moda (Record no. 10788)

MARC details
000 -CABECERA
campo de control de longitud fija 00757nam a22002297a 4500
001 - NÚMERO DE CONTROL
campo de control BRCA_9169
003 - IDENTIFICADOR DEL NÚMERO DE CONTROL
campo de control FranzMayer
005 - FECHA Y HORA DE LA ÚLTIMA TRANSACCIÓN
campo de control 20220627122824.0
008 - DATOS DE LONGITUD FIJA--INFORMACIÓN GENERAL
campo de control de longitud fija 220310b |||||||| |||| 00| 0 eng d
020 ## - NÚMERO INTERNACIONAL ESTÁNDAR DEL LIBRO
Número Internacional Estándar del Libro 9788466237291
040 ## - FUENTE DE LA CATALOGACIÓN
Centro/agencia transcriptor MUSEO FRANZ MAYER
Centro/agencia modificador DLC
041 ## - CÓDIGO DE LENGUA
Código de lengua del texto/banda sonora o título independiente spa
050 ## - SIGNATURA TOPOGRÁFICA DE LA BIBLIOTECA DEL CONGRESO
Número de clasificación N8217.C63
Número de documento/Ítem E393 2018
245 ## - MENCIÓN DE TÍTULO
Título Guía Ilustrada para interpretar la Moda
Resto del título Un Manual sobre la Evolución del Vestido desde el siglo XVI hasta el XX
260 ## - PUBLICACIÓN, DISTRIBUCIÓN, ETC.
Lugar de publicación, distribución, etc. Madrid, España
Nombre del editor, distribuidor, etc. Editorial LIBSA
Fecha de publicación, distribución, etc. 2018
300 ## - DESCRIPCIÓN FÍSICA
Extensión 184 p.
Dimensiones 30 cm.
500 ## - NOTA GENERAL
Nota general Adquirido por el MFM en marzo del 2022.
500 ## - NOTA GENERAL
Nota general Libreros-Anexo Acervos y Biblioteca
546 ## - NOTA DE LENGUA/LENGUAJE
Nota de lengua/lenguaje Texto en español
610 ## - PUNTO DE ACCESO ADICIONAL DE MATERIA--NOMBRE DE ENTIDAD CORPORATIVA
Nombre de entidad corporativa o nombre de jurisdicción como elemento de entrada Lydia Edwards
Subdivisión general Moda
Subdivisión cronológica Siglo XVII-XIX
Subdivisión geográfica Europa
9 (RLIN) 28353
942 ## - ELEMENTOS DE PUNTO DE ACCESO ADICIONAL (KOHA)
Fuente del sistema de clasificación o colocación Library of Congress Classification
Tipo de ítem Koha Libros
Holdings
Estado de retiro Estado de pérdida Fuente del sistema de clasificación o colocación Estado dañado No para préstamo Localización permanente Ubicación/localización actual Fecha de adquisición Signatura topográfica completa Código de barras Fecha visto por última vez Precio válido a partir de Tipo de ítem Koha
El ejemplar forma parte de la colección y puede ser consultado según las políticas vigentes.   Library of Congress Classification     Biblioteca del Museo Franz Mayer (Rogerio Casas-Alatriste) Biblioteca del Museo Franz Mayer (Rogerio Casas-Alatriste) 10/03/2022 N8217.C63 E393 2018 CONT9941 10/03/2022 10/03/2022 Libros